| 000 | 01645nam a22003374i 4500 | ||
|---|---|---|---|
| 001 | 991061506419806706 | ||
| 003 | ES-BaIT | ||
| 005 | 20251209094344.0 | ||
| 008 | 251016e202210 sp o ||||||000 d spa c | ||
| 017 |
_aDL M 24485-2022 _bOficina DL Madrid |
||
| 020 | _a9788490414583 | ||
| 040 |
_aES-BaIT _bcat _erda _cES-BaIT |
||
| 080 | _a860-2"20" | ||
| 100 | 1 |
_aEspín, Vanessa _eautor _9167624 |
|
| 245 | 1 | 0 |
_a400 días sin luz / _cVanessa Espín |
| 246 | 3 | 1 | _aCuatrocientos días sin luz |
| 250 | _aPrimera edición | ||
| 264 | 1 |
_aMadrid : _bCentro Dramático Nacional, _coctubre 2022 |
|
| 300 |
_a121 pàgines : _bfotografies (en color) ; _c22 cm |
||
| 336 |
_atext _btxt _2rdacontent |
||
| 337 |
_asense mediació _bn _2rdamedia |
||
| 338 |
_avolum _bnc _2rdacarrier |
||
| 500 | _aP22: D11, H11 en P9: D6, H3 i altres | ||
| 500 | _aAl llom: 20 | ||
| 500 | _aEstrena Centro Dramático Nacional, Sala Francisco Nieva del Teatro de Vallé-Inclán, el 7 de octubre de 2022 | ||
| 520 | _a"400 días sin luz es la historia y el mapa de un barrio. También es el relato de Wafa y de su familia que viven en ese lugar rodeadas de muchas familias más. Esta historia será un mapa de todas las personas que viven y han vivido en La Cañada, porque este lugar contiene años de sueños, de huertas y de pájaros. Un día se quedan sin uno de los derechos fundamentales para llevar una vida digna: la luz. A partir de ese momento dejarán de vivir y comenzará una lucha por " -- sobrevivir." -- Pàgina web Casa del libro | ||
| 650 | 0 |
_aBarraquisme _xTextos dramàtics _9167625 |
|
| 908 | _aCDMAE | ||
| 940 | _aCVA38 | ||
| 942 |
_2udc _c1 |
||
| 999 |
_c136738 _d136738 |
||